| 000 | 01719nam0a22003371 4500 | ||
|---|---|---|---|
| 001 | rc\3529256 | ||
| 005 | 20260409070237.0 | ||
| 021 |
_aRU _b70-4828 |
||
| 021 |
_aRU _bРг4082-70 |
||
| 035 | _a(NLR Aleph) 007627460 | ||
| 090 |
_a5986942 _c5986942 |
||
| 100 | _a20130115d1969 |||y0rusy50 ca | ||
| 101 | 0 | _arus | |
| 102 | _aRU | ||
| 105 | _ay z ||||| | ||
| 200 | 1 |
_aВеликая победа великого народа _eМетод. материалы для темат. вечера, посвящ. 25-летию победы советского народа над фашистской Германией в Великой Отечеств. войне _fОрдена Красной Звезды Центр. дом Советской Армии им. М.В. Фрунзе. Метод. кабинет культпросветработы |
|
| 210 |
_aМосква _cБ. и. _d1969 |
||
| 215 |
_a16 с. _d20 |
||
| 300 | _aНа обороте тит. л.: подготовила Лобачева А.И. | ||
| 300 | _aНа обл. подзаголовок: Материалы для темат. вечера | ||
| 309 | _aОтпеч. множит. аппаратом | ||
| 606 |
_aВеликая Отечественная война _z1941 - 1945 _xГодовщины _3RU\NLR\AUTH\66187542 _91237240 |
||
| 686 | 1 | _aЦ35(2)722,021.2 | |
| 702 | 1 |
_aЛобачева _bА.И. _4570 |
|
| 712 | 0 | 2 |
_aЦентральный дом Советской Армии им. М. В. Фрунзе _cМосква _bМетодический кабинет _3RU\NLR\AUTH\8810074943 _9651865 |
| 801 | 0 |
_aRU _bNLR _gpsbo |
|
| 801 | 1 |
_aRU _bELAR _2rusmarc |
|
| 852 |
_aNLR _j69-4/36223 |
||
| 942 | _cBOOK | ||
| 980 | _aNB | ||